Human relations in business /

Text and exercises provide examples of situations involving social competence and self-awareness in business settings.

Bibliographic Details
Main Author: Eggland, Steven A.
Other Authors: Williams, John Wynston, 1944-
Format: Book
Language:English
Published: Cincinnati, Ohio : South-Western Pub. Co., [1977]
Subjects:

MARC

Tag First Indicator Second Indicator Subfields
LEADER 00000cam a2200000 a 4500
001 in00000099090
005 20150924155846.0
008 770818s1977 ohua 00110 engm
010 |a  76019896  
020 |a 053807180X 
035 |a (OCoLC)03240850 
035 |9 AAK9957AM 
040 |a DLC  |c DLC  |d m.c.  |d TXA  |d UtOrBLW 
049 |a TXAM  |c [1197371] 
050 0 0 |a HF5548.8  |b  E38 
082 0 |a 158.7 
100 1 |a Eggland, Steven A. 
245 1 0 |a Human relations in business /  |c Steven A. Eggland, John W. Williams. 
264 1 |a Cincinnati, Ohio :  |b South-Western Pub. Co.,  |c [1977] 
264 4 |c ©1977 
300 |a iv, 188 pages :  |b illustrations ;  |c 28 cm. 
336 |a text  |b txt  |2 rdacontent 
337 |a unmediated  |b n  |2 rdamedia 
338 |a volume  |b nc  |2 rdacarrier 
500 |a Includes index. 
520 |a Text and exercises provide examples of situations involving social competence and self-awareness in business settings. 
650 0 |a Psychology, Industrial. 
650 0 |a Industrial sociology. 
650 0 |a Industrial relations. 
650 0 |a Social psychology. 
650 1 |a Interpersonal relations. 
650 1 |a Work. 
650 1 |a Industrial relations. 
700 1 |a Williams, John Wynston,  |d 1944- 
999 |a MARS 
999 f f |s a41ba4dd-4159-374b-8ff3-58b4528652c5  |i 8bb0434c-15e3-3d5d-8420-f23acca89f07  |t 0 
952 f f |p ric  |a Texas A&M University  |b Rellis Campus  |c Joint Library Facility  |d Remote Storage  |t 0  |e HF5548.8 E38  |h Library of Congress classification  |i unmediated -- volume  |m A14806034745 
998 f f |a HF5548.8 E38  |t 0  |l Remote Storage